|
|
|
|
| LEADER |
00000nam a22000005a 4500 |
| 001 |
vtls011603560 |
| 003 |
SK-MaSNL |
| 005 |
20260301140158.0 |
| 008 |
180122s2014 rb a 000 0 srp |
| 020 |
|
|
|a 9788671576475
|q (brož.)
|
| 040 |
|
|
|a SNK
|b slo
|c SNK
|e AACR2
|
| 041 |
0 |
|
|a srp
|
| 044 |
|
|
|a rb
|c RS
|
| 245 |
0 |
0 |
|a Srpske slave
|b verski praznici : narodni običaji
|c priredile i uredile Milena Mitrović, Jasmina Milašinović
|
| 260 |
|
|
|a Beograd
|b PARTENON
|c 2014
|
| 300 |
|
|
|a 300 s.
|b ilustr.
|c 20 cm
|
| 490 |
1 |
|
|a Biblioteka Tihovanja
|
| 500 |
|
|
|a slovník: s. 287-293
|
| 504 |
|
|
|a Bibliografia: s. 295-296
|
| 700 |
|
|
|a Mitrović, Milena
|4 com
|9 492537
|
| 700 |
|
|
|a Milašinović, Jasmina
|4 com
|9 492538
|
| 830 |
|
0 |
|a Biblioteka Tihovanja
|9 492539
|
| 919 |
|
|
|a 978-86-7157-647-5
|
| 999 |
|
|
|c 762713
|d 764643
|
| 952 |
|
|
|a SNK
|b SNK
|y VYP
|7 0
|p 17A1253433
|o snkID 99578
|i snk2017/4609
|8 2
|g 7.00
|0 0
|1 0
|4 0
|d 2017-01-12
|l 0
|r 2026-02-24 00:09:31
|w 2026-02-24
|